Music Quiz

Random Music or Rock Quiz

Shared Word: Song Titles Quiz Stats

 Plays Quiz Updated Nov 9, 2016

Challenge
Share
Tweet
Embed
Score 0/30 Timer 08:00
2 Plays Today
Partial Song Titles Missing Word % Correct
'...and Kicking',
Love Will Keep Us...,
'Wanted Dead or...'
Alive
98.4%
'Thick as a...',
'... House',
Goodbye Yellow...Road'
Brick
95.9%
'She Drives Me...',
'...in Love',
'...Train'
Crazy
95.6%
'...Your Girl',
'Diamonds are...',
'Together...'
Forever
93.6%
'Come...With Me',
'...Away',
'...Like an Eagle'
Fly
92.3%
'What the...',
'Highway to...',
'Gives You...'
Hell
89.2%
'When I...of You',
'I...I Love You',
'Don't...I'm Not'
Think
87.6%
'...Honey',
'...World',
'Walk on the...Side'
Wild
86.9%
'...Together',
'If It Makes You...',
'Shiny...People'
Happy
84.7%
'...Seat',
'Come to My...',
'She Came in Through the Bathroom...'
Window
83.5%
'Living on the...',
'The...of Glory',
'...of Seventeen'
Edge
82.3%
'...Dance',
'To the...And Back',
'Bad...Rising'
Moon
81.5%
'I Am a...',
'...the Casbah',
'...Lobster'
Rock
79.6%
'...in the Moonlight',
'You Should Be...',
'...on the Ceiling'
Dancing
77.8%
'As...Go By',
...Dry on Their Own
'...of a Clown'
Tears
77.5%
Partial Song Titles Missing Word % Correct
'I...For You',
'...Good Inc.',
'Make You...My Love'
Feel
75.9%
'...Water',
'Back in...',
'Fell on...Days'
Black
74.6%
'...You Now',
'...You Tonight',
'I...to Know'
Need
70.4%
'Who's...Now',
'...2004',
'Hard to Say I'm...'
Sorry
68.1%
'...Inferno',
'...Duck',
'Best...In Town'
Disco
66.5%
'...Summer',
'...to be Kind',
'Don't Be...'
Cruel
66.2%
'Mr....',
'Some Kind of...',
'...Tonight'
Wonderful
65.7%
'Let's Get...',
'Peggy Sue Got...',
'Let's Pretend We're...'
Married
64.8%
'Don't...It's Over',
'...Police',
'Teenage...'
Dream
64.2%
'Better Off...',
'You Are Not...',
'I Drink...'
Alone
62.9%
'Use...',
'...to Love',
'...Told Me'
Somebody
51.2%
'...Wonderland',
'Blame it on the...',
'Jungle...'
Boogie
45.4%
'Two of...',
'Young...Run Free',
'...on Fire'
Hearts
44%
'Sara...',
'I Love Your...',
'Behind a Painted...'
Smile
40.5%
'...of Love',
'...of the Night',
'...is a Dancer'
Rhythm
34.1%

You're not logged in!

Compare scores with friends on all Sporcle quizzes.
Join for Free
OR
Log In

You Might Also Like...

Show Comments

Extras

Top Quizzes Today


Score Distribution

Your Account Isn't Verified!

In order to create a playlist on Sporcle, you need to verify the email address you used during registration. Go to your Sporcle Settings to finish the process.

Report this User

Report this user for behavior that violates our Community Guidelines.

Details: